Mortal Kombat Stages Quiz - Statistics

General Stats
  • This quiz has been taken 60 times
    14 since last reset
  • The average score is 35 of 155
Answer Stats
Hint Answer % Correct
Mortal Kombat The Pit
83%
Mortal Kombat 2 Dead Pool
75%
Mortal Kombat 2 Portal
67%
Mortal Kombat 3 Soul Chamber
67%
Mortal Kombat 3 Bridge
58%
Mortal Kombat 2 Pit 2
58%
Mortal Kombat Goro's Lair
50%
Mortal Kombat 2 Living Forest
50%
Mortal Kombat 3 Pit 3
50%
Mortal Kombat Pit Bottom
50%
Mortal Kombat 3 Street
50%
Mortal Kombat 11 Tournament
50%
Mortal Kombat Deadly Alliance Acid Bath
42%
Mortal Kombat 2 Armory
42%
Mortal Kombat 3 Graveyard
42%
Mortal Kombat 3 Hell
42%
Mortal Kombat 3 Jade's Desert
42%
Mortal Kombat 11 Kronika's Keep
42%
Mortal Kombat Deadly Alliance Lin Kuei Temple
42%
Mortal Kombat 4 Netherrealm
42%
Mortal Kombat 4 Reptile's Lair
42%
Mortal Kombat 3 Subway
42%
Mortal Kombat Warrior Shrine
42%
Mortal Kombat 3 Bank
33%
Mortal Kombat 3 Bell Tower
33%
Mortal Kombat 11 Black Market Alley
33%
Mortal Kombat 1 Cage Mansion
33%
Mortal Kombat X Destroyed City
33%
Mortal Kombat 2 Evil Tower
33%
Mortal Kombat 4 Fire Well
33%
Mortal Kombat X Jinsei Chamber
33%
Mortal Kombat 2 Kombat Tomb
33%
Mortal Kombat Deadly Alliance Moloch's Lair
33%
Mortal Kombat Palace Gates
33%
Mortal Kombat 4 Prison
33%
Mortal Kombat X Refugee Kamp
33%
Mortal Kombat 3 Rooftop
33%
Mortal Kombat 11 Sea Of Blood
33%
Mortal Kombat Shang Tsung's Courtyard
33%
Mortal Kombat Deadly Alliance Shang Tsung's Palace
33%
Mortal Kombat Shang Tsung's Throne Room
33%
Mortal Kombat 4 Shaolin Temple
33%
Mortal Kombat 11 Shaolin Trap Dungeon
33%
Mortal Kombat 11 Shinnok's Bone Temple
33%
Mortal Kombat 11 Special Forces Desert Command
33%
Mortal Kombat Deadly Alliance Swamp
33%
Mortal Kombat 1 The Hourglass
33%
Mortal Kombat 1 The Pyramid
33%
Mortal Kombat 2 Wastelands
33%
Mortal Kombat 3 Waterfront
33%
Mortal Kombat 3 Balcony
25%
Mortal Kombat 11 Black Dragon Fight Club
25%
Mortal Kombat 2 Blue Portal
25%
Mortal Kombat 11 Cyber Lin Kuei Assembly
25%
Mortal Kombat X Dead Woods
25%
Mortal Kombat Deadly Alliance Dragonfly
25%
Mortal Kombat 4 Elder God's Arena
25%
Mortal Kombat Deadly Alliance House Of Pekara
25%
Mortal Kombat 4 Ice Pit
25%
Mortal Kombat 2 Kahn's Arena
25%
Mortal Kombat 3 Kahn's Kave
25%
Mortal Kombat X Kove
25%
Mortal Kombat 11 Kronika's Hourglass
25%
Mortal Kombat Deadly Alliance Kuatan Palace
25%
Mortal Kombat 4 Ladder?
25%
Mortal Kombat 11 Lost Hive Of The Kytinn
25%
Mortal Kombat Deadly Alliance Lung Hai Temple
25%
Mortal Kombat Deadly Alliance Nethership
25%
Mortal Kombat Deadly Alliance Palace Grounds
25%
Mortal Kombat Deadly Alliance Quan Chi's Fortress
25%
Mortal Kombat 11 Retrocade
25%
Mortal Kombat 9 Shang Tsung's Flesh Pits
25%
Mortal Kombat 9 Shang Tsung's Garden
25%
Mortal Kombat Armageddon Shao Kahn's Throne Room
25%
Mortal Kombat Deception Sky Temple
25%
Mortal Kombat 11 Tarkatan War Kamp
25%
Mortal Kombat 3 The Church
25%
Mortal Kombat 4 Tomb
25%
Mortal Kombat 4 Wind World
25%
Mortal Kombat Deadly Alliance Wu Shi Academy
25%
Mortal Kombat Deception Beetle Lair
17%
Mortal Kombat Deadly Alliance Celestial Portal
17%
Mortal Kombat Deception Chamber of Artifacts
17%
Mortal Kombat 9 Chamber Of The Flame
17%
Mortal Kombat 11 Chaotian Age
17%
Mortal Kombat 1 Corrupted Forest
17%
Mortal Kombat Deadly Alliance Drum Arena
17%
Mortal Kombat X Emperor's Courtyard
17%
Mortal Kombat Deception Falling Cliffs
17%
Mortal Kombat Deception Hells Foundry
17%
Mortal Kombat 11 Kharon's Ship
17%
Mortal Kombat 11 Koliseum Beast Pen
17%
Mortal Kombat X Krossroads
17%
Mortal Kombat X Kuatan Jungle
17%
Mortal Kombat Deadly Alliance Lava Shrine
17%
Mortal Kombat Deadly Alliance Lost Tomb
17%
Mortal Kombat Deception Lower Mines
17%
Mortal Kombat Deception Nethership Interior
17%
Mortal Kombat 3 Noob's Dorfen
17%
Mortal Kombat X Outworld Marketplace
17%
Mortal Kombat 11 Prehistoric Age
17%
Mortal Kombat Armageddon Pyramid Of Argus
17%
Mortal Kombat Deadly Alliance Sarna Ruins
17%
Mortal Kombat Armageddon Scorpion's Lair
17%
Mortal Kombat Deception Slaughterhouse
17%
Mortal Kombat Deadly Alliance Spy Facility
17%
Mortal Kombat 3 Star Bridge
17%
Mortal Kombat 1 Sun Do
17%
Mortal Kombat 11 Tank Garage Bunker
17%
Mortal Kombat 1 The Flesh Pits
17%
Mortal Kombat 9 Training Room
17%
Mortal Kombat 11 Wu Shi Dragon Grotto
17%
Mortal Kombat Armageddon Botan Jungle
8%
Mortal Kombat Deception Dark Prison
8%
Mortal Kombat Deception Dragon King's Temple
8%
Mortal Kombat Deception Dragon Mountain
8%
Mortal Kombat Deception Golden Desert
8%
Mortal Kombat 11 Kotal's Koliseum
8%
Mortal Kombat Deception Liu Kangs Tomb
8%
Mortal Kombat Armageddon Lumber Mill
8%
Mortal Kombat Armageddon Meteor Storm
8%
Mortal Kombat Deception Nexus
8%
Mortal Kombat Armageddon Outworld Spire
8%
Mortal Kombat Armageddon Reiko's War Room
8%
Mortal Kombat 3 Scislac Busorez
8%
Mortal Kombat Armageddon Shao Kahn's Balcony
8%
Mortal Kombat Armageddon Shinnok's Spire
8%
Mortal Kombat Armageddon Shinnok's Throne Room
8%
Mortal Kombat 11 Shirai Ryu Fire Garden's
8%
Mortal Kombat 3 Smokes Portal
8%
Mortal Kombat Armageddon Tekunin Prison
8%
Mortal Kombat Deception Yin Yang Island
8%
Mortal Kombat Armageddon Arctika
0%
Mortal Kombat Armageddon Chamber of Daegon
0%
Mortal Kombat Armageddon Edenian Ruins
0%
Mortal Kombat 1 Fengjian Teahouse
0%
Mortal Kombat 1 Field
0%
Mortal Kombat 1 Fire Temple
0%
Mortal Kombat 1 Gateway
0%
Mortal Kombat 1 Hanging Gardens
0%
Mortal Kombat 1 Haviks Citadel
0%
Mortal Kombat 1 Khaosseum
0%
Mortal Kombat Armageddon Krimson Forest
0%
Mortal Kombat Armageddon Lin Kuei Palace
0%
Mortal Kombat Armageddon Netherrealm Cliffs
0%
Mortal Kombat 1 Night Market
0%
Mortal Kombat Armageddon Red Dragon Caverns
0%
Mortal Kombat 1 Shang Tsung's laboratory
0%
Mortal Kombat 1 Tarkatan Colony
0%
Mortal Kombat 1 Temple of Katara Vala
0%
Mortal Kombat 1 The Great Hall
0%
Mortal Kombat 1 The Maze
0%
Mortal Kombat 1 Tomb of the Dragon Army
0%
Mortal Kombat 1 Treasure Chamber
0%
Mortal Kombat 1 Ying Fortress
0%
No matching quizzes found
Score Distribution
Percent of People with Each Score
Percentile by Number Answered
Your Score History
You have not taken this quiz since the last reset